El puente esta quebrado / (Registro nro. 33810)

Detalles MARC
000 -CABECERA
Longitud fija campo de control 00884nam a2200253 a 4500
003 - • IDENTIFICADOR DELl NÚMERO DE CONTROL
Identificador del número de control CO-ViMGA
005 - • FECHA Y HORA DE LA ÚLTIMA TRANSACCIÓN
Fecha y hora de la última transacción 20230915232212.0
008 - • CÓDIGOS DE INFORMACIÓN DE LONGITUD FIJA
Códigos de información de longitud fija 151013s2015 ck a gr 0001j spa d
020 ## - • NÚMERO INTERNACIONAL NORMALIZADO PARA LIBROS
Número Internacional Normalizado para Libros (ISBN) 9789582003883
040 ## - FUENTE DE LA CATALOGACIÓN
Centro catalogador de origen CO-ViMGA
Lengua de catalogación spa
Centro transcriptor CO-ViMGA
043 ## - CÓDIGO DE ÁREA GEOGRÁFICA
Código de área geográfica s-ck---
082 04 - • NÚMERO DE LA CLASIFICACIÓN DECIMAL DEWEY
Número de clasificación (R) Co863.6
Número del ítem C67p7
Número de edición 19
100 1# - • PUNTO DE ACCESO PRINCIPAL-NOMBRE DE PERSONA
Nombre de persona Cordero Villamizar, Luz Helena,
Fechas asociadas al nombre 1961-
245 13 - • TITULO PROPIAMENTE DICHO
Título El puente esta quebrado /
Mención de responsabilidad, etc. Luz Helena Cordero ; ilustrado por Federico Neira.
300 ## - • DESCRIPCIÓN FÍSICA
Extensión 136 páginas :
Otras características físicas ilustraciones ;
Dimensiones 20 cm.
490 1# - • MENCIÓN DE SERIE
Mención de serie Montaña magica
650 14 - • PUNTO DE ACCESO ADICIONAL DE MATERIA - TÉRMINO DE MATERIA
Término de materia o nombre geográfico como elemento inicial Cuentos juveniles colombianos.
650 14 - • PUNTO DE ACCESO ADICIONAL DE MATERIA - TÉRMINO DE MATERIA
Término de materia o nombre geográfico como elemento inicial Desplazados por la violencia
Subdivisión de forma Cuentos juveniles.
650 14 - • PUNTO DE ACCESO ADICIONAL DE MATERIA - TÉRMINO DE MATERIA
Término de materia o nombre geográfico como elemento inicial Violencia
Subdivisión de forma Cuentos juveniles.
700 1# - • PUNTO DE ACCESO ADICIONAL - NOMBRE DE PERSONA
Nombre de persona Neira, Federico,
Término indicativo de función ilustrador.
942 ## - ENTRADA DE ELEMENTOS AGREGADOS (KOHA)
Fuente de clasificaión o esquema Dewey Decimal Classification
Koha [por defecto] tipo de item LIbro
Existencias
Perdido Fuente de clasificación o esquema Estado Físico No para préstamo Forma de adquisición Localización permanente Localización actual Fecha adquisición Préstamos totales Signatura completa Código de barras Fecha última consulta Fecha del precio de reemplazo Tipo de item de Koha Localización en estanterías Número de copia Note pública
        Colección Sala Infantil de Literatura Pocatil y Tilín Biblioteca Pública Departamental Eduardo Carranza - Villavicencio Biblioteca Pública Departamental Eduardo Carranza - Villavicencio 11/27/2006   C COR9p ECA12911 11/26/2024 11/26/2024 LIbro Sala Infantil Ej.1 11605 | 15605
  Dewey Decimal Classification     Sala General Segundo Piso Biblioteca Pública Germán Arciniegas - Villavicencio Biblioteca Pública Germán Arciniegas - Villavicencio 02/24/2016   Co863.6 C67p7 29724 07/27/2018 02/24/2016 LIbro      
  Dewey Decimal Classification     Infantil Biblioteca Pública San Juanito - Ernesto Maria Peña Romero Biblioteca Pública San Juanito - Ernesto Maria Peña Romero 01/31/2024   C COR SJU00490 01/31/2024 01/31/2024 LIbro Sala Infantil Ej.1  









Instituto Departamental de Cultura del Meta - Red Departamental de Bibliotecas Públicas del Meta.